Visualizzazione normale
Vista MARC
- Carron Julian, Taylor Charles, Williams Rowan
di Personal Name
Records bibliografici associati: 1
001 - CONTROL NUMBER
- control field: 63129
003 - CONTROL NUMBER IDENTIFIER
- control field:
005 - DATE AND TIME OF LATEST TRANSACTION
- control field: 20260109122622.0
008 - FIXED-LENGTH DATA ELEMENTS
- fixed length control field: 260109|| aca||aabn | a|a d
040 ## - CATALOGING SOURCE
- Original cataloging agency:
- Transcribing agency:
100 ## - HEADING--PERSONAL NAME
- Personal name: Carron Julian, Taylor Charles, Williams Rowan
670 ## - SOURCE DATA FOUND
- Source citation: Work cat.: ()360700: Gerolin Alessandra (a cura di) 63128, Abitare il nostro tempo., 2024